UBT Library

Air power at sea, 1939-45 / (Record no. 40238)

000 -LEADER
fixed length control field 00535cam a2200217 i 4500
001 - CONTROL NUMBER
control field 1290623
005 - DATE AND TIME OF LATEST TRANSACTION
control field 20180115042255.0
008 - FIXED-LENGTH DATA ELEMENTS--GENERAL INFORMATION
fixed length control field 760820s1976 enka b 001 0 eng
010 ## - LIBRARY OF CONGRESS CONTROL NUMBER
LC control number 76041384
020 ## - INTERNATIONAL STANDARD BOOK NUMBER
International Standard Book Number 0283983132
040 ## - CATALOGING SOURCE
Original cataloging agency DLC
Transcribing agency DLC
Modifying agency DLC
041 ## - LANGUAGE CODE
Language code of text/sound track or separate title eng
080 ## - UNIVERSAL DECIMAL CLASSIFICATION NUMBER
Universal Decimal Classification number 940.544 WIN
082 00 - DEWEY DECIMAL CLASSIFICATION NUMBER
Classification number 940.544 WIN
100 1# - Rafti
Rafti 16
101 ## - Shkurtesa
Shkurtesa HIS
245 10 - TITLE STATEMENT
Title Air power at sea, 1939-45 /
Statement of responsibility, etc John Winton.
504 ## - BIBLIOGRAPHY, ETC. NOTE
Bibliography, etc Bibliography: p. 184.
906 ## - LOCAL DATA ELEMENT F, LDF (RLIN)
a 7
b cbc
c orignew
d 1
e ocip
f 19
g y-gencatlg
942 ## - ADDED ENTRY ELEMENTS (KOHA)
Source of classification or shelving scheme
Item type Books
Holdings
Withdrawn status Lost status Source of classification or shelving scheme Damaged status Not for loan Collection code Permanent location Current location Shelving location Date acquired Total Checkouts Full call number Barcode Date last seen Price effective from Koha item type
          Koleksioni i përgjithshem UBT - Lipjan UBT - Lipjan Koleksioni i përgjithshem 01/15/2018   940.544 WIN 002-2995292 01/15/2018 01/15/2018 Books
UBT Library © 2015-2024. All rights reserved University Education for Business and Technology